<?xml version="1.0" encoding="UTF-8"?><?xml-stylesheet type="text/xsl" href="static/style.xsl"?><OAI-PMH xmlns="http://www.openarchives.org/OAI/2.0/" xmlns:xsi="http://www.w3.org/2001/XMLSchema-instance" xsi:schemaLocation="http://www.openarchives.org/OAI/2.0/ http://www.openarchives.org/OAI/2.0/OAI-PMH.xsd"><responseDate>2026-04-13T02:41:00Z</responseDate><request verb="GetRecord" identifier="oai:www.recercat.cat:2072/443485" metadataPrefix="marc">https://recercat.cat/oai/request</request><GetRecord><record><header><identifier>oai:recercat.cat:2072/443485</identifier><datestamp>2025-03-18T15:33:08Z</datestamp><setSpec>com_2072_220028</setSpec><setSpec>com_2072_4427</setSpec><setSpec>col_2072_479371</setSpec></header><metadata><record xmlns="http://www.loc.gov/MARC21/slim" xmlns:dcterms="http://purl.org/dc/terms/" xmlns:xsi="http://www.w3.org/2001/XMLSchema-instance" xmlns:doc="http://www.lyncode.com/xoai" xsi:schemaLocation="http://www.loc.gov/MARC21/slim http://www.loc.gov/standards/marcxml/schema/MARC21slim.xsd">
   <leader>00925njm 22002777a 4500</leader>
   <datafield ind2=" " ind1=" " tag="042">
      <subfield code="a">dc</subfield>
   </datafield>
   <datafield ind2=" " ind1=" " tag="720">
      <subfield code="a">Subías Pascual, Eva</subfield>
      <subfield code="e">author</subfield>
   </datafield>
   <datafield ind2=" " ind1=" " tag="260">
      <subfield code="c">2020</subfield>
   </datafield>
   <datafield ind2=" " ind1=" " tag="520">
      <subfield code="a">In the artistic productions of late-ancient Egypt, the figure of the crotalistria
dancer appears linked to the Dionysian environment, although it has iconographic features that relate her to Artemis and Aphrodite. Its image evokes, according to the most widespread interpretation, an archaic ritual of oriental origin that would have endured as a professionalized erotic show in the Roman and late-ancient world. In her late formal evolution, the crotalistria dancer appears naked and isolated from the religious cortege, in addition, she tends towards a schematic form that multiplies in objects and fabrics of a domestic nature where she supposedly acquires an apotropaic function. Two lines of inquiry emerge after characterizing the image: the process of defining a formal scheme and its significance in the late-ancient social and religious context, both closely related issues. The hypothesis that
arises is that the dancer act out as an evocation of the young nubile at the gates of marriage.</subfield>
   </datafield>
   <datafield ind2=" " ind1=" " tag="520">
      <subfield code="a">En las producciones artísticas del Egipto tardoantiguo la figura de la bailarina crotalista aparece vinculada al entorno dionisíaco y festivo aunque presente rasgos iconográficos que la relacionan con Artemis y Afrodita. Es por ello que su imagen evoca, según la interpretación más extendida, una ritualidad arcaica de origen oriental que habría perdurado como espectáculo erótico profesionalizado en el mundo romano y tardoantiguo. En su evolución formal tardía, la bailarina-crotalista aparece desnuda y aislada del cortejo religioso, además, tiende hacia una forma esquemática que se multiplica en objetos y tejidos de carácter doméstico donde adquiere supuestamente una función apotropaica. Dos líneas de indagación se imponen después de caracterizar la imagen: el proceso de definición de un esquema formal y su significado en el contexto social y religioso tardoantiguo, ambas cuestiones estrechamente relacionadas.</subfield>
   </datafield>
   <datafield ind1="8" ind2=" " tag="024">
      <subfield code="a">2240-5380</subfield>
   </datafield>
   <datafield ind1="8" ind2=" " tag="024">
      <subfield code="a">http://hdl.handle.net/2072/443485</subfield>
   </datafield>
   <datafield ind1="8" ind2=" " tag="024">
      <subfield code="a">https://doi.org/10.6092/2240-5380/10.2020.57</subfield>
   </datafield>
   <datafield ind2="0" ind1="0" tag="245">
      <subfield code="a">Sobre la danza con crótalos en el egipto tardoantiguo</subfield>
   </datafield>
</record></metadata></record></GetRecord></OAI-PMH>